French Exit - Dua Lipa - Statistics

General Stats
  • This quiz has been taken 29 times
  • The average score is 235 of 321
Answer Stats
Hint Answer % Correct
Verse 1 I
100%
a
95%
do
95%
don't
95%
it
95%
the
95%
go
90%
la
90%
to
90%
wanna
90%
and
85%
And
85%
broken
85%
exit
85%
French
85%
heart
85%
on
85%
you
85%
(You
85%
break
75%
Pre-Chorus But
75%
dancin'
75%
doesn't
75%
"Goodbye"
75%
goodbye
75%
hurt
75%
if
75%
is
75%
Chorus It's
75%
it's
75%
love
75%
not
75%
say
75%
still
75%
want
75%
what
75%
be
70%
Refrain Everybody's
70%
gotta
70%
I'm
70%
now
70%
Only
70%
only
70%
really
70%
right
70%
right)
70%
road
70%
this
70%
can't
65%
give
65%
hands
65%
hit
65%
last
65%
of
65%
one
65%
song
65%
standin'
65%
stay
65%
understand
65%
way
65%
'Cause
60%
gonna
60%
holdin'
60%
hope
60%
know
60%
know)
60%
l'anglaise
60%
lights
60%
solution
60%
Someone's
60%
you'll
60%
filer
55%
hate
55%
just
55%
leaving
55%
romancin'
55%
stranded
55%
till
55%
words
55%
c'est
50%
relate
50%
take
50%
that
50%
What's
50%
all
45%
come
45%
open
45%
seule
45%
you're
45%
make
40%
night
40%
time
40%
will
40%
wrongs?
40%
better
35%
doors
35%
lonely
35%
sense
35%
Yeah
35%
fix
25%
Verse 2 Maybe
25%
than
25%
clean
20%
end
20%
away
15%
stayed
15%
shoulda
10%
No matching quizzes found
Score Distribution
Percent of People with Each Score
Percentile by Number Answered
Your Score History
You have not taken this quiz